| 000 | 00612cam a22002172a 4500 | ||
|---|---|---|---|
| 001 | 016763 | ||
| 003 | AR-FADEU | ||
| 008 | 311216n1995####xxu####################dd | ||
| 020 | _a950-25-2183-8 | ||
| 092 |
_a306.4 _bT457 |
||
| 100 | _aThomas, Hernán | ||
| 245 | _aSurdesarrollo : producción de tecnología en países subdesarrollados | ||
| 260 | _aBuenos Aires | ||
| 260 | _bCentro Editor de América Latina | ||
| 260 | _c1995 | ||
| 300 | _a148 p | ||
| 440 | _aLos fundamentos de las ciencias del hombre | ||
| 500 | _aIncluye bibliografía | ||
| 650 | _aTECNOLOGIA; SURDESARROLLO | ||
| 942 | _cBDGR | ||
| 999 |
_c22515 _d22515 |
||